Record de finale de Champions League - Statistiques

Statistiques générales
  • Ce quiz a été pris 183 fois
  • Le résultat moyen est 18 sur 42
Statistiques - réponses
Nombre d'apparitions Victoires / Défaites Nom des clubs % Correct
17 14 V (1956,1957,1958,1959,1960,1966,1998,2002,2004,2014,2016,2017,2018,2022), 3 D (1962,1964,1981) Real Madrid
100%
11 7 V (1963,1969,1989,1990,1994,2003,2007), 4 D (1958,1993,1995,2005) AC Milan
88%
11 6 V (1974,1975,1976,2001,2013,2020), 5 D (1982,1987,1999,2010,2012) Bayern
86%
10 6 V (1977,1978,1981,1984,2005,2019), 4 D (1985,2007,2018,2022) Liverpool
85%
8 5 V (1992,2006,2009,2011,2015), 3 D (1961,1986,1994) FC Barcelone
83%
9 2 V (1985,1996), 7 D (1973,1983,1997,1998,2003,2015,2017) Juventus
78%
3 2 V (2012,2021), 1 D (2008) Chelsea
76%
6 3 V (1964,1965,2010), 3 D (1967,1972,2023) Inter Milan
73%
2 1 V (2023), 1 D (2021) Manchester City
69%
5 3 V (1968,1989,2008), 2 D (2009,2011) Manchester United
68%
2 2 V (1987,2004) FC Porto
66%
6 4 V (1971,1972,1973,1995), 2 D (1969,1996) Ajax
65%
3 3 D (1974,2014,2016) Atlético Madrid
64%
2 1 V (1993), 1 D (1991) Marseille
63%
2 1 V (1997), 1 D (2013) Dortmund
56%
2 2 V (1979,1980) Nottingham Forest
54%
7 2 D (1961,1962), 5 D (1963,1965,1968,1988,1990) Benfica
50%
1 1 D (2020) Paris SG
50%
1 1 D (2019) Tottenham
42%
2 2 D (1956,1959) Reims
38%
2 1 V (1967), 1 D (1970) Celtic
36%
1 1 D (2004) Monaco
36%
1 1 D (2006) Arsenal
30%
1 1 V (1991) Étoile Rouge de Belgrade
30%
2 2 D (2000,2001) Valence
30%
2 1 V (1983), 1 D (1980) Hambourg SV
29%
1 1 V (1982) Aston Villa
27%
1 1 D (2002) Bayer Leverkusen
25%
1 1 V (1970) Feyenoord
23%
2 1 V (1986), 1 D (1989) Steaua Bucarest
23%
1 1 V (1988) PSV Eindhoven
22%
1 1 D (1976) Saint-Étienne
17%
1 1 D (1957) Fiorentina
11%
1 1 D (1992) Sampdoria
11%
1 1 D (1984) AS Rome
9%
1 1 D (1960) Eintracht Francfort
8%
1 1 D (1975) Leeds United
8%
1 1 D (1979) Malmö FF
8%
1 1 D (1977) Borussia Monchengladbach
7%
1 1 D (1978) Club Bruges
7%
1 1 D (1971) Panathinaïkos
7%
1 1 D (1966) Partizan Belgrade
7%
Aucun quiz correspondant
Distribution des résultats
% des personnes avec chaque résultat
Percentile par nombre de réponses
Votre historique - résultats
Vous n’avez pas pris ce quiz